<?xml version="1.0" encoding="UTF-8"?>
<collection xmlns="http://www.loc.gov/MARC21/slim">
 <record>
  <leader>01567cam a22003852  4500</leader>
  <controlfield tag="001">1160307318</controlfield>
  <controlfield tag="003">DE-627</controlfield>
  <controlfield tag="005">20240401183533.0</controlfield>
  <controlfield tag="007">tu</controlfield>
  <controlfield tag="008">010319s1953    xx |||||      00| ||ita c</controlfield>
  <datafield tag="035" ind1=" " ind2=" ">
   <subfield code="a">(DE-627)1160307318</subfield>
  </datafield>
  <datafield tag="035" ind1=" " ind2=" ">
   <subfield code="a">(DE-576)090307313</subfield>
  </datafield>
  <datafield tag="035" ind1=" " ind2=" ">
   <subfield code="a">(DE-599)BSZ090307313</subfield>
  </datafield>
  <datafield tag="035" ind1=" " ind2=" ">
   <subfield code="a">(OCoLC)80538507</subfield>
  </datafield>
  <datafield tag="040" ind1=" " ind2=" ">
   <subfield code="a">DE-627</subfield>
   <subfield code="b">ger</subfield>
   <subfield code="c">DE-627</subfield>
   <subfield code="e">rakwb</subfield>
  </datafield>
  <datafield tag="041" ind1=" " ind2=" ">
   <subfield code="a">ita</subfield>
  </datafield>
  <datafield tag="084" ind1=" " ind2=" ">
   <subfield code="a">9,10</subfield>
   <subfield code="2">ssgn</subfield>
  </datafield>
  <datafield tag="245" ind1="1" ind2="0">
   <subfield code="a">Lotto</subfield>
   <subfield code="c">Luigi Coletti. Questa ed. è stata curata da Nino Zucchelli</subfield>
  </datafield>
  <datafield tag="264" ind1=" " ind2="1">
   <subfield code="a">Bergamo</subfield>
   <subfield code="b">Ist. Ital. d'Arti Grafiche</subfield>
   <subfield code="c">1953</subfield>
  </datafield>
  <datafield tag="300" ind1=" " ind2=" ">
   <subfield code="a">61 S., 206 Bl.</subfield>
  </datafield>
  <datafield tag="336" ind1=" " ind2=" ">
   <subfield code="a">Text</subfield>
   <subfield code="b">txt</subfield>
   <subfield code="2">rdacontent</subfield>
  </datafield>
  <datafield tag="337" ind1=" " ind2=" ">
   <subfield code="a">ohne Hilfsmittel zu benutzen</subfield>
   <subfield code="b">n</subfield>
   <subfield code="2">rdamedia</subfield>
  </datafield>
  <datafield tag="338" ind1=" " ind2=" ">
   <subfield code="a">Band</subfield>
   <subfield code="b">nc</subfield>
   <subfield code="2">rdacarrier</subfield>
  </datafield>
  <datafield tag="583" ind1="1" ind2=" ">
   <subfield code="a">Archivierung prüfen</subfield>
   <subfield code="c">20200919</subfield>
   <subfield code="f">DE-640</subfield>
   <subfield code="z">1</subfield>
   <subfield code="2">pdager</subfield>
  </datafield>
  <datafield tag="583" ind1="1" ind2=" ">
   <subfield code="a">Archivierung/Langzeitarchivierung gewährleistet</subfield>
   <subfield code="f">SSG</subfield>
   <subfield code="x">XA-DE-BW</subfield>
   <subfield code="2">pdager</subfield>
   <subfield code="5">DE-16</subfield>
  </datafield>
  <datafield tag="689" ind1="0" ind2="0">
   <subfield code="d">p</subfield>
   <subfield code="0">(DE-588)118780530</subfield>
   <subfield code="0">(DE-627)079558585</subfield>
   <subfield code="0">(DE-576)162039131</subfield>
   <subfield code="a">Lotto, Lorenzo</subfield>
   <subfield code="d">1480-1556</subfield>
   <subfield code="2">gnd</subfield>
  </datafield>
  <datafield tag="689" ind1="0" ind2=" ">
   <subfield code="5">(DE-627)</subfield>
  </datafield>
  <datafield tag="700" ind1="1" ind2=" ">
   <subfield code="a">Lotto, Lorenzo</subfield>
   <subfield code="d">1480-1556</subfield>
   <subfield code="e">Ill.</subfield>
   <subfield code="0">(DE-588)118780530</subfield>
   <subfield code="0">(DE-627)079558585</subfield>
   <subfield code="0">(DE-576)162039131</subfield>
   <subfield code="4">ill</subfield>
  </datafield>
  <datafield tag="700" ind1="1" ind2=" ">
   <subfield code="a">Coletti, Luigi</subfield>
   <subfield code="4">oth</subfield>
  </datafield>
  <datafield tag="700" ind1="1" ind2=" ">
   <subfield code="a">Zucchelli, Nino</subfield>
   <subfield code="d">1913-1994</subfield>
   <subfield code="e">Hrsg.</subfield>
   <subfield code="0">(DE-588)1121822274</subfield>
   <subfield code="0">(DE-627)87496542X</subfield>
   <subfield code="0">(DE-576)183662636</subfield>
   <subfield code="4">edt</subfield>
  </datafield>
  <datafield tag="787" ind1="0" ind2="8">
   <subfield code="i">Rezensiert in</subfield>
   <subfield code="a">Spahn, Annemarie, 1903 - </subfield>
   <subfield code="t">[Rezension von: Anna Banti, Lorenzo Lotto - Luigi Coletti, Lotto - Bernard Berenson, Lorenzo Lotto]</subfield>
   <subfield code="d">1960</subfield>
   <subfield code="w">(DE-627)1672834406</subfield>
  </datafield>
  <datafield tag="951" ind1=" " ind2=" ">
   <subfield code="a">BO</subfield>
  </datafield>
  <datafield tag="990" ind1=" " ind2=" ">
   <subfield code="a">Lotto, Lorenzo</subfield>
  </datafield>
  <datafield tag="991" ind1=" " ind2=" ">
   <subfield code="a">Rezensiertes Werk</subfield>
  </datafield>
  <datafield tag="999" ind1=" " ind2=" ">
   <subfield code="a">KXP-PPN1160307318</subfield>
   <subfield code="e">4077387744</subfield>
  </datafield>
 </record>
</collection>
